Представление документа в формате MARC21

ПолеНазваниеЗначение
  Тип записи a
  Библиографический уровень m
001 Контрольный номер RU/URAIT/583515
005 Дата корректировки 20260429163650.0
008 Кодируемые данные 260429s2026 RU y f j 000 0 rus u
020 Индекс ISBN __
a ISBN 978-5-534-18415-0
c Цена, тираж 1519.00
040 Источник каталогиз. __
a Служба первич. каталог. ИКО Юрайт
c Служба, преобразующая запись ИКО Юрайт
e Правила каталог. RCR
041 Код языка издания __
a Код языка текста rus
044 Код страны публикации __
a Код страны публикации RU
080 Индекс УДК __
a Индекс УДК 911.3+314(075.8)
084 Индекс другой классификации/Индекс ББК __
2 Источник индекса rubbk
a Индекс другой классификации/Индекс ББК 60.7я73
100 Автор __
a Автор Анохин А. А.
q Полное имя Анохин Анатолий Александрович
245 Заглавие __
a Заглавие География населения с основами демографии
b Продолж. заглавия учебник для вузов
c Ответственность А. А. Анохин, Д. В. Житин.
250 Сведения об издании __
g пер. и доп
a Основные сведения об издании 2-е изд.
256 Характеристики компьютерного файла __
a Характеристики компьютерного файла Электрон. дан.
260 Выходные данные __
a Место издания Москва
b Издательство Юрайт
c Дата издания 2026
300 Физическое описание __
a Объем 278 с
440 Серия __
a Серия Высшее образование
500 Примечания __
a Примечание URL: https://urait.ru/bcode/583515 (дата обращения: 29.04.2026).
520 Аннотация __
a Аннотация Вопросы, связанные с населением, всегда интересовали людей. Как изменяется численность населения Земли и ее регионов? От чего зависит интенсивность рождаемости и смертности и могут ли люди воздействовать на эти процессы? Что вынуждает людей менять место жительства и переезжать в другие города и страны? Для чего нужны переписи населения и как они проводятся? Какие народы (этносы) населяют нашу планету и какие религии они исповедуют? На эти и многие другие вопросы демографического развития населения Земли даются ответы в курсе «География населения с основами демографии». В нем в доступной форме изложены основные понятия и термины географии населения, охватывающие всю совокупность демографических процессов, рассмотрены источники сведений о населении, история демографических исследований в России и в мире.
538 Прим. о системных особенностях __
a Прим. о системных особенностях Режим доступа: Электронно-библиотечная система Юрайт, для авториз. пользователей
653 Ключевые слова __
a Ключевые слова Социально-экономическая география. Регионоведение
653 Ключевые слова __
a Ключевые слова Экономические науки
653 Ключевые слова __
a Ключевые слова Демография
653 Ключевые слова __
a Ключевые слова География населения с основами демографии
653 Ключевые слова __
a Ключевые слова География населения и геоурбанистика
653 Ключевые слова __
a Ключевые слова География населения
653 Ключевые слова __
a Ключевые слова География населения и геоурбанизация
653 Ключевые слова __
a Ключевые слова Демография и география населения
653 Ключевые слова __
a Ключевые слова Геодемографические проблемы региона
653 Ключевые слова __
a Ключевые слова География с основами демографии
653 Ключевые слова __
a Ключевые слова География населения с основами геоурбанистики
653 Ключевые слова __
a Ключевые слова География населения с основами демографии и геоурбанистики
653 Ключевые слова __
a Ключевые слова География населения с основами демографии и этнографии
653 Ключевые слова __
a Ключевые слова Геодемография
653 Ключевые слова __
a Ключевые слова Демографическая география
653 Ключевые слова __
a Ключевые слова Геоурбанистика и география населения
653 Ключевые слова __
a Ключевые слова География населения России
653 Ключевые слова __
a Ключевые слова Социально-экономическая география и демография
700 Другие авторы __
a Другие авторы Житин Д. В.
q Полное имя Житин Дмитрий Викторович
4 Код отношения 340
856 Электронный адрес документа 40
n Местонахождение сервера Юрайт
g Электронная книга
q Тип электронного формата html
h Имя пользователя ЮРАЙТ
v Часы доступа к ресурсу 20271231
2 Способ доступа Показать документ
x Служебное примечание https://urait.ru/book/cover/A38E4F99-3AF3-452F-8F61-BDCD38732968
u URL https://urait.ru/bcode/583515
856 Электронный адрес документа 48
q Тип электронного формата cover
u URL https://urait.ru/book/cover/A38E4F99-3AF3-452F-8F61-BDCD38732968
911 __
u 0030=https://urait.ru/bcode/583515
911 __
u 073a=9785534184150
u 073d=1519.00
911 __
u 106a=s
911 __
u 900l=
952 Тип литературы __
i Дисциплина Демография
952 Тип литературы __
i Дисциплина География населения с основами демографии
952 Тип литературы __
i Дисциплина География населения и геоурбанистика
952 Тип литературы __
i Дисциплина География населения
952 Тип литературы __
i Дисциплина География населения и геоурбанизация
952 Тип литературы __
i Дисциплина Демография и география населения
952 Тип литературы __
i Дисциплина Геодемографические проблемы региона
952 Тип литературы __
i Дисциплина География с основами демографии
952 Тип литературы __
i Дисциплина География населения с основами геоурбанистики
952 Тип литературы __
i Дисциплина География населения с основами демографии и геоурбанистики
952 Тип литературы __
i Дисциплина География населения с основами демографии и этнографии
952 Тип литературы __
i Дисциплина Геодемография
952 Тип литературы __
i Дисциплина Демографическая география
952 Тип литературы __
i Дисциплина Геоурбанистика и география населения
952 Тип литературы __
i Дисциплина География населения России
952 Тип литературы __
i Дисциплина Социально-экономическая география и демография